UBT Library

Physics, (Record no. 45135)

000 -LEADER
fixed length control field 00531cam a22002171 4500
001 - CONTROL NUMBER
control field 6479335
005 - DATE AND TIME OF LATEST TRANSACTION
control field 20180315080826.0
008 - FIXED-LENGTH DATA ELEMENTS--GENERAL INFORMATION
fixed length control field 730108s1948 nyua 000 0 eng
010 ## - LIBRARY OF CONGRESS CONTROL NUMBER
LC control number 48008685
035 ## - SYSTEM CONTROL NUMBER
System control number (OCoLC)531042
040 ## - CATALOGING SOURCE
Original cataloging agency DLC
Transcribing agency ODaWU
Modifying agency OCoLC
-- DLC
041 ## - LANGUAGE CODE
Language code of text/sound track or separate title eng
042 ## - AUTHENTICATION CODE
Authentication code premarc
080 ## - UNIVERSAL DECIMAL CLASSIFICATION NUMBER
Universal Decimal Classification number 530 HAU
082 ## - DEWEY DECIMAL CLASSIFICATION NUMBER
Classification number 530 HAU
100 1# - Rafti
Rafti 43
101 ## - Shkurtesa
Shkurtesa FIZ
245 10 - TITLE STATEMENT
Title Physics,
Statement of responsibility, etc by Erich Hausmann and Edgar P. Slack.
906 ## - LOCAL DATA ELEMENT F, LDF (RLIN)
a 7
b cbc
c oclcrpl
d u
e ncip
f 19
g y-gencatlg
942 ## - ADDED ENTRY ELEMENTS (KOHA)
Source of classification or shelving scheme
Item type Books
Holdings
Withdrawn status Lost status Source of classification or shelving scheme Damaged status Not for loan Collection code Permanent location Current location Shelving location Date acquired Total Checkouts Full call number Barcode Date last seen Price effective from Koha item type
          Koleksioni i përgjithshem UBT - Lipjan UBT - Lipjan Koleksioni i përgjithshem 03/15/2018   530 HAU 002-3001692 03/15/2018 03/15/2018 Books
UBT Library © 2015-2024. All rights reserved University Education for Business and Technology